000 00445nam a2200169Ia 4500
003 GCL
008 140319s9999 xx 000 0 eng d
040 _aGCL /
_cGCL
082 0 4 _a616.12
_bS H
100 1 _aHURST, J. WILLIS
245 1 0 _aHAND BOOK OF THE HEART /
_cHURST, J. WILLIS
700 1 _aSCHLANT, ROBERT C.
260 _a[S.N] :
_bMC GRAW - HILL ،
_c1988
300 _a331 P
650 0 4 _aCARDIOVASCULAR DIREASES
942 _2ddc
_cBK
999 _c20830
_d20830